Vietnam Multiple Choice Quiz - Statistics

General Stats
  • This quiz has been taken 51 times
  • The average score is 9 of 15
Answer Stats
Question Answer % Correct
What is the main cash crop of Vietnam? Rice
100%
What is the most common Vietnamese surname? Nguyen
96%
Aside from folk religion and atheism, what religion is the most practiced in Vietnam? Buddhism
89%
Which European power colonized Vietnam? France
89%
What is the capital of Vietnam? Hanoi
87%
What sea does most of the Vietnamese coastline lie on? South China Sea
87%
When did the Vietnam War end? 1975
85%
As of 2025, what is the approximate population of Vietnam? 100 million
50%
What is the national animal of Vietnam? Water Buffalo
48%
What were the Trung sisters known for? Leading a rebellion against Chinese rule in the 1st century
39%
What is the full name of Vietnam? Socialist Republic of Vietnam
39%
What river passes through the capital of Vietnam? Red
35%
What ethnic group do most of the Vietnamese people belong to? Kinh
33%
What type of geographical feature is/are the Ban-Gioc? Waterfalls
30%
What nickname is often associated with the city of Hoi An? Tailoring Capital of the World
17%
No matching quizzes found
Score Distribution
Percent of People with Each Score
Percentile by Number Answered
Your Score History
You have not taken this quiz